000 00945cam a22003257a 4500
003 CHAP
005 20220817042339.0
008 971013s1972 r 00010 d
010 _a41634
011 _a42606
035 _a46735
040 _cCHAP
082 _a080
_bS46 v.99
100 0 0 _aErcilla, Alonso de.
_937283
245 1 3 _aLa araucana
250 _a2 ed.
260 _aMéxico, D. F. :
_bPorrúa,
_c1972
300 _a521 p.
490 0 _aSepan Cuántos
_v; 99
590 _aBATCH-UPD
_b10
_c20130109
_lUCH01
_h2340
590 _aBATCH-UPD
_b10
_c20130110
_lUCH01
_h1658
590 _aBATCH-UPD
_b10
_c20130410
_lUCH01
_h1047
590 _aBATCH-UPD
_b10
_c20130914
_lUCH01
_h1315
590 _aCONVERSION
_b10
_c20130109
_lUCH01
_h1323
650 1 4 _aPoesía latinoamericana.
_990144
830 0 _aSepan cuantos
_v; 99
901 _aBK
942 _cLIBRO
949 _a080 S46
_bBC
_cLIBRO
_d33724000317111
_eLIBRO
_fv.99
_h30453
_i46735
_si
999 _c41634
_d41634